|
|
|
|
| LEADER |
00000nam a2200000 a 4500 |
| 001 |
UCY3566 |
| 003 |
CL-VaPUC |
| 005 |
20220315074411.0 |
| 008 |
950104e19700000uk 1 eng d |
| 082 |
0 |
4 |
|a 591.524
|b WAT
|2 21
|
| 100 |
1 |
|
|a Watson, Adam
|e author
|9 617142
|
| 245 |
1 |
0 |
|a Animal populations in relation to their food resources
|
| 260 |
|
|
|a Oxford
|b Blackwell
|c 1970
|
| 300 |
|
|
|a 477 p
|
| 583 |
|
|
|a last modification
|c 19950104 00:00:00
|k Rodrigo Vera
|
| 650 |
0 |
7 |
|a POBLACION ANIMAL
|2 CL-VaPUC
|9 261591
|
| 650 |
0 |
0 |
|a Congresos
|9 257560
|
| 650 |
0 |
7 |
|a HABITOS ALIMENTICIOS DE LOS ANIMALES
|2 CL-VaPUC
|9 617143
|
| 650 |
0 |
7 |
|a CONDUCTA ANIMAL
|2 CL-VaPUC
|9 260026
|
| 942 |
|
|
|c BK
|
| 945 |
|
|
|a mfernand
|d 19950104 00:00:00
|
| 546 |
|
|
|a En Inglés
|
| 518 |
|
|
|p Symposium of the British Ecological Society on Animal Populations in Relation to their Food Resources, 10, 1969
|
| 999 |
|
|
|c 382337
|d 382335
|
| 952 |
|
|
|0 0
|1 0
|2 ddc
|4 0
|6 591_524000000000000_WAT_1970
|7 0
|8 CCM
|9 503967
|a BIBCUR
|b BIBCUR
|c PAC
|d 2020-01-23
|i 3049086
|o 591.524 WAT 1970
|p 3049086
|r 2025-04-22
|w 2020-01-23
|y BK
|k CIM
|